Service Marketing - Nordic School Perspectives

Saved in:
Bibliographic Details
Other Authors: Grönroos, Christian, Gummesson, Evert
Format: Book
Language:English
Published: Stockholm University of Stockholm 1985
Edition:1. ed.
Subjects:
Tags: Add Tag
No Tags, Be the first to tag this record!

MARC

LEADER 00000nam a2200000 4500
001 c010813
005 20221207074137.2
041 0 |a eng 
044 |a SE 
245 1 0 |a Service Marketing - Nordic School Perspectives  |c Edit. Christian Grönroos, Evert Gummesson 
250 |a 1. ed. 
264 1 |a Stockholm  |b University of Stockholm  |c 1985 
300 |a 153 s. 
610 2 0 |a služby obyvateľstvu 
610 2 0 |a služby nevýrobné 
610 2 0 |a sporiteľne 
610 2 0 |a marketing 
610 2 0 |a štúdie prípadové 
610 2 0 |a Európa 
700 1 |a Grönroos, Christian 
700 1 |a Gummesson, Evert